Existe Dios al noroeste

Sábháilte in:
Sonraí bibleagrafaíochta
Príomhchruthaitheoir: Oteiza, Jorge de (autor)
Formáid: LEABHAR
Teanga:Spáinnis
Foilsithe / Cruthaithe: Pamplona Pamiela 1992
Eagrán:5a. ed
Ábhair:
Clibeanna: Cuir clib leis
Níl clibeanna ann, Bí ar an gcéad duine le clib a chur leis an taifead seo!

MARC

LEADER 00000nam a2200000 a 4500
001 UCQ8464
003 CL-VaPUC
008 981209e19920000SP |||||||||||||||||spa|d
082 0 4 |a 861  |b OTE  |2 21 
100 |a Oteiza, Jorge de  |e autor  |9 422448 
245 1 0 |a Existe Dios al noroeste 
250 |a 5a. ed 
300 |a 206 p 
942 |c BK 
945 |d 19981209 00:00:00  |a aarredon 
260 |a Pamplona  |b Pamiela  |c 1992 
650 0 |a Poesías españolas  |9 265100 
583 |a last modification  |c 19981209 00:00:00  |k Rodrigo Vera 
999 |c 277718  |d 277716 
952 |0 0  |1 0  |4 0  |6 861_000000000000000_OTE_1992  |7 0  |8 A  |9 315889  |a BIBARQ  |b BIBARQ  |d 2019-11-20  |i 3483878  |o 861 OTE 1992  |p 3483878  |r 2025-01-20  |w 2019-11-20  |y BK  |k ARQ